| 000 | 00610nam a22001817a 4500 | ||
|---|---|---|---|
| 999 |
_c186891 _d186891 |
||
| 005 | 20220322143639.0 | ||
| 010 | _aENG-132069 | ||
| 020 |
_a9789391657017 _c795.00 |
||
| 035 | _aEN-115601 | ||
| 037 | _bDBAD | ||
| 082 | _a332.10954 | ||
| 100 | _aDhiman, Sanjay Kumar | ||
| 245 |
_aWoman Development Through Micro Financing/ _cSanjay Kumar Dhiman |
||
| 260 |
_aNew Delhi _bAryan Publication _c2021 |
||
| 270 |
_a110,Gali no.4, Harphool Vihar,Bapraula _bNew Delhi _e110043 _maryanpublication@gmail.com |
||
| 300 |
_axxiv,216p _bIndex , Contents _c22cm(hbk) |
||
| 942 |
_2ddc _cEN _h332.10954 _mDHI |
||